00394nam a2200109Ia 4500008004100000100002700041245004500068260006900113300001100182650002300193856006800216160712s9999 xx 000 0 und d aTorres, Rose Catherine cCatherine Rose TorresaGilt-Edged Shadow c2013bLikhaan: The Journal of Contemporary Philippine Literature avol. 7 xFICTION/NONFICTION uhttp://journals.upd.edu.ph/index.php/lik/issue/view/537/showToc